All Empires of Jamaica by Picture - Statistics

General Stats
  • This quiz has been taken 28 times
  • The average score is 3 of 5
Answer Stats
Picture Hint Answer % Correct
1494 – 1655 Spanish Empire
100%
1660 – 1962 British Empire
96%
1962 – present Jamaica
92%
1655 – 1660 English Commonwealth
21%
600 – 1494 Taíno Chiefdoms
21%
No matching quizzes found
Score Distribution
Percent of People with Each Score
Percentile by Number Answered
Your Score History
You have not taken this quiz